000 00570nam a2200205Ia 4500
003 GCL
008 140319s9999 xx 000 0 ara d
040 _aGCL /
_cGCL
082 0 4 _a921.1
_bم ح
245 1 0 _aحسن العطار
260 _a[S.N] :
_bدار المعارف ،
_c1993
300 _a122 ص
490 _aنوابغ الفكر العربى
_v0
650 0 4 _aالتراجم الادبية
650 0 4 _aالتراجم
650 0 4 _aالشعراء
650 0 4 _aالفلاسفة المسلمون
650 0 4 _aحسن العطار
942 _2ddc
_cBK
999 _c28460
_d28460